| 000 | 00390nam a2200133Ia 4500 | ||
|---|---|---|---|
| 005 | 20260328101517.0 | ||
| 008 | 260328s9999||||xx |||||||||||||| ||und|| | ||
| 100 | _aWright, Lawrence | ||
| 245 | 0 |
_aLos Fuegos del Hogar : _b de la hoguera preHistórica a la cocina y calefacción de hoy / _cLawrence Wright |
|
| 260 | _bNoguer | ||
| 300 | _a237 p. | ||
| 650 | _aDISEÑO INDUSTRIAL | ||
| 942 | _cBK | ||
| 999 |
_c9436 _d9436 |
||